[Event "ch-ESP Abierto"]
[Site "Leon ESP"]
[Date "2006.11.23"]
[Round "2"]
[White "Vega Gutierrez,B"]
[Black "Alsina Leal,D"]
[Result "0-1"]
[WhiteElo "2184"]
[BlackElo "2430"]

1.e4 g6 2.d4 Bg7 3.Nc3 d6 4.Be3 a6 5.Qd2 Nd7 6.Nf3 b5 7.a4 b4 8.Nd5 a5 9.c3 c6
10.Nf4 bxc3 11.bxc3 Ngf6 12.e5 dxe5 13.dxe5 Ne4 14.Qd4 Nd6 15.Nd3 Nf5 16.Qe4 Nxe3
17.Qxe3 O-O 18.Be2 Ba6 19.Nf4 Bxe2 20.Qxe2 Qc7 21.Nd3 e6 22.O-O Rab8 23.Rfe1 Rb3
24.Qc2 Rb7 25.Re4 Rfb8 26.Rae1 Bf8 27.Nd2 Nb6 28.Rb1 Rd8 29.g3 Nd5 30.Rxb7 Qxb7
31.Nc4 Nxc3 32.Qxc3 Qb1+ 33.Re1 Qxd3 34.Qxd3 Rxd3 35.Rc1 Bb4 36.Kf1 c5 37.Ke2 Rd4
38.Rc2 f6 39.exf6 Kf7 40.Ne5+ Kxf6 41.f4 Rd5 42.Ke3 g5 43.Nd3 gxf4+ 44.Nxf4 Rd8
45.Nd3 Rd5 46.Nf4 Re5+ 47.Kf3 Ke7 48.Nd3 Rf5+ 49.Ke4 Kd6 50.Nf4 Re5+ 51.Kf3 Re1
52.Nd3 Ra1 53.Nb2 Kd5 54.Nc4 Kd4 55.Nb6 Kd3 56.Rf2 e5  0-1

[Event "Capablanca mem Open"]
[Site "Havana CUB"]
[Date "2006.11.24"]
[Round "4"]
[White "Farley,T"]
[Black "Hoi,C"]
[Result "0-1"]
[WhiteElo "2246"]
[BlackElo "2413"]

1.e4 g6 2.d4 Bg7 3.Nc3 d6 4.f4 Nc6 5.Be3 Nf6 6.Nf3 O-O 7.d5 Nb8 8.Bc4 c6
9.dxc6 Nxc6 10.h3 Nh5 11.Kf2 Qa5 12.Qd3 Nb4 13.Qe2 Be6 14.Bb3 Rac8 15.a3 Na6
16.g4 Nf6 17.Nd2 Rxc3 18.bxc3 Qxc3 19.g5 Nh5 20.Rab1 Nc5 21.Kg2 Bd4 22.Kf3 Ng3
23.Kxg3 Bxe3 24.Nf3 Nxe4+ 25.Kg2 d5 26.Qd3 Qc5 27.Rbe1 Bxf4 28.Rhf1 Ng3 29.Rg1 Nf5
30.Re2 Ne3+ 31.Kh1 Bf5 32.Qd4 Qxd4 33.Nxd4 Be4+  0-1

[Event "Capablanca mem Open"]
[Site "Havana CUB"]
[Date "2006.11.26"]
[Round "6"]
[White "Otero,D"]
[Black "Resende,A"]
[Result "1-0"]
[WhiteElo "2423"]
[BlackElo "2402"]

1.d4 g6 2.e4 Bg7 3.Nc3 d6 4.Be2 Nf6 5.h4 h5 6.Nf3 c6 7.Ng5 Qa5 8.O-O Na6
9.Bc4 O-O 10.Bd2 b5 11.Bb3 Qb6 12.e5 dxe5 13.dxe5 Ng4 14.e6 f6 15.Nh3 Nc5
16.Nf4 Kh7 17.Qf3 f5 18.Rfe1 Bb7 19.Be3 Bxc3 20.bxc3 Nxe3 21.Rxe3 Ne4 22.Rd1 c5
23.Rd7 Rae8 24.Bd5 Bxd5 25.Rxd5 Rf6 26.Rxe4 fxe4 27.Qxe4 Rxf4 28.Rxh5+ Kg7
29.Qxf4 Qxe6 30.Rxc5 Qxa2 31.h5 Qe6 32.Rg5 Rf8 33.h6+  1-0

[Event "19th Belgrade Trophy"]
[Site "Belgrade SRB"]
[Date "2006.11.27"]
[Round "6"]
[White "Nestorovic,DN"]
[Black "Drljevic,L"]
[Result "1-0"]
[WhiteElo "2400"]
[BlackElo "2199"]

1.e4 d6 2.d4 g6 3.Nc3 Bg7 4.Bg5 a6 5.a4 b6 6.f4 Nd7 7.Nf3 c5 8.d5 Bb7 9.Bc4 Ngf6
10.O-O Ng4 11.Qe2 O-O 12.h3 Nh6 13.Bh4 f6 14.g4 Nf7 15.Bg3 g5 16.f5 Qc7 17.Nd1 Rfb8
18.Ne3 Bc8 19.c3 h6 20.Rfb1 Kf8 21.b4 Bh8 22.Qf1 Bg7 23.Be2 Kg8 24.Rb2 Bf8
25.Rab1 Bg7 26.Nc4 Bf8 27.bxc5 bxc5 28.a5 Rxb2 29.Rxb2 Rb8 30.Qb1 Rxb2 31.Qxb2 Bb7
32.Nfd2 Bg7 33.Bd1 Kf8 34.Ba4 Nb8 35.Qb6 Qc8 36.Qa7 Nd7 37.Nb6 Nxb6 38.axb6 c4
39.Bf2 Nd8 40.Bd4 Kf7 41.Nf1 Bf8 42.Ne3 h5 43.Nc2 hxg4 44.hxg4 e6 45.fxe6+ Nxe6
46.dxe6+ Kxe6 47.Ne3 Be7 48.Bd1 Bxe4 49.Be2 d5 50.b7 Qh8 51.b8=Q Qh1+ 52.Kf2  1-0

[Event "Capablanca mem Open"]
[Site "Havana CUB"]
[Date "2006.11.27"]
[Round "7"]
[White "Corrales,Fi"]
[Black "Hoi,C"]
[Result "1-0"]
[WhiteElo "2496"]
[BlackElo "2413"]

1.e4 g6 2.d4 Bg7 3.Nc3 d6 4.f4 Nf6 5.Nf3 O-O 6.Bd3 Na6 7.O-O c5 8.d5 Bg4
9.Kh1 Nc7 10.Qe1 Bxf3 11.Rxf3 e6 12.dxe6 fxe6 13.f5 b5 14.Nxb5 Nxb5 15.Bxb5 gxf5
16.exf5 Qb6 17.Rb3 d5 18.Bd7 Qc7 19.Bxe6+ Kh8 20.Qh4 Rae8 21.Bf4 Qc6 22.Rf3 Nh5
23.Bg5 d4 24.Raf1 Qa6 25.Kg1 d3 26.cxd3 Qb6 27.Bc4 Bd4+ 28.Kh1 Qxb2 29.Be7 Bf6
30.Bxf6+ Rxf6 31.g4 Qb7 32.Kg1  1-0

[Event "ch-ROM"]
[Site "Predeal ROM"]
[Date "2006.11.27"]
[Round "1"]
[White "Berescu,A"]
[Black "Sfarlog,T"]
[Result "1-0"]
[WhiteElo "2485"]
[BlackElo "2161"]

1.e4 g6 2.d4 Bg7 3.Nc3 d6 4.f4 Nf6 5.Nf3 c5 6.Bb5+ Bd7 7.e5 Ng4 8.Bxd7+ Qxd7
9.d5 dxe5 10.h3 e4 11.hxg4 exf3 12.Qxf3 Na6 13.Bd2 O-O-O 14.O-O-O Nc7 15.Be1 Nb5
16.Nxb5 Qxb5 17.Bc3 Bxc3 18.Qxc3 Qb4 19.Qe5 f6 20.Qe6+ Rd7 21.g3 c4 22.Rd4 Qc5
23.c3 Kd8 24.d6  1-0

[Event "ch-ESP Abierto"]
[Site "Leon ESP"]
[Date "2006.11.28"]
[Round "7"]
[White "Montolio Benedicto,C"]
[Black "Rodriguez Rodriguez,A"]
[Result "0-1"]
[WhiteElo "2067"]
[BlackElo "2297"]

1.e4 d6 2.d4 g6 3.Nc3 Bg7 4.Be3 a6 5.Qd2 Nd7 6.h4 h5 7.Nf3 b5 8.Bd3 Bb7 9.a4 b4
10.Ne2 a5 11.c3 Ngf6 12.Ng5 bxc3 13.bxc3 Ng4 14.Qa2 O-O 15.Bd2 e5 16.Rb1 Ba6
17.Bxa6 Rxa6 18.f3 Ngf6 19.O-O Nh7 20.Nxh7 Kxh7 21.g3 Rb6 22.Rxb6 Nxb6 23.Kg2 Qd7
24.Ra1 f5 25.dxe5 fxe4 26.fxe4 Qg4 27.Bg5 Qxe4+ 28.Kg1 Bxe5 29.Bf4 Nd5 30.Rf1 Ne3
31.Bxe3 Qxe3+ 32.Kg2 Rxf1 33.Kxf1 Qf3+ 34.Kg1 Bxg3 35.Nxg3 Qxg3+ 36.Kf1 Qf3+
37.Kg1 Qxc3 38.Qf7+ Qg7 39.Qd5 c5 40.Qa8 Qa1+ 41.Kg2 Qxa4 42.Qd5 Qg4+  0-1

[Event "19th Belgrade Trophy"]
[Site "Belgrade SRB"]
[Date "2006.11.29"]
[Round "8"]
[White "Nestorovic,L"]
[Black "Rakic,Mi"]
[Result "1-0"]
[WhiteElo "2042"]
[BlackElo "2256"]

1.e4 g6 2.d4 d6 3.Nc3 Bg7 4.Nf3 c6 5.Bd3 b5 6.O-O e5 7.dxe5 dxe5 8.Bg5 f6
9.Bh4 Qb6 10.a4 b4 11.Nb1 Be6 12.Nbd2 Nd7 13.Qe2 g5 14.Bxg5 fxg5 15.Nxg5 c5
16.a5 Qd6 17.Rfd1 Qe7 18.Ndf3 Bf6 19.Nxe6 Qxe6 20.Bb5 Rd8 21.Rxd7 Rxd7 22.Rd1 Kf8
23.Bxd7 Qa2 24.Qb5 Qxb2 25.Qxc5+ Ne7 26.h4 h6 27.Be6 Kg7 28.Bb3 Qc3 29.Qxc3 bxc3
30.Rd7 a6 31.Nxe5 Rc8 32.Nf3 Kf8 33.Rd6 Rc6 34.Rd8+ Kg7 35.e5  1-0

[Event "ch-ROM"]
[Site "Predeal ROM"]
[Date "2006.11.29"]
[Round "3"]
[White "Valeanu,E"]
[Black "Szabo,G ROM"]
[Result "1/2-1/2"]
[WhiteElo "2361"]
[BlackElo "2465"]

1.e4 g6 2.d4 Bg7 3.Nc3 d6 4.Be3 c6 5.Qd2 Nd7 6.a4 Qa5 7.Nf3 Ngf6 8.Be2 O-O
9.O-O Re8 10.Rfd1 Qc7 11.Qe1 e5 12.dxe5 dxe5 13.Nd2 Bf8 14.Nc4 Nc5 15.f3 Be6
16.Nxe5 Ncxe4 17.Nxg6 fxg6 18.Nxe4 Nxe4 19.fxe4 Qe5 20.Qh4 Bc5 21.Bxc5 Qxc5+
22.Qf2 Qxc2 23.Bf3 Qxf2+ 24.Kxf2 a5 25.Rd4 Ra6 26.b4 axb4 27.Rxb4 b5 28.e5 Bc4
29.Re1 Kg7 30.axb5 cxb5 31.Kg3 Rae6 32.Kf4 Rf8+ 33.Ke4 Rxe5+ 34.Kxe5 Re8+
35.Kd4 Rxe1 36.Rb2 Kf6 37.Bc6 Re2 38.Rb1 Ke6 39.Kc5 Re5+ 40.Kb6 Bd5 41.Bxb5 Bxg2
42.Rb2 Bf3 43.Kc7 Rc5+ 44.Kd8 Rd5+ 45.Kc7 g5 46.Bc4 Ke5 47.Bxd5 Bxd5 48.Re2+ Be4
49.Kd7 h5 50.Ke7 g4 51.Re1  1/2-1/2

[Event "29th ch-GRE w"]
[Site "Athens GRE"]
[Date "2006.12.01"]
[Round "7"]
[White "Pavlogianni,D"]
[Black "Makropoulou,M"]
[Result "1/2-1/2"]
[WhiteElo "1951"]
[BlackElo "2313"]

1.e4 g6 2.d4 Bg7 3.Nc3 d6 4.Nf3 a6 5.Bg5 h6 6.Be3 b5 7.Bd3 Nd7 8.a4 b4 9.Ne2 Ngf6
10.O-O Ng4 11.Bd2 Rb8 12.h3 Ngf6 13.Ng3 e5 14.c3 bxc3 15.bxc3 O-O 16.a5 Re8
17.Re1 Kh7 18.Rb1 Rxb1 19.Qxb1 c5 20.Qa2 Rf8 21.d5 Ng8 22.Qa4 Ne7 23.Rb1 Kh8
24.Nh4 Kh7 25.Be1 h5 26.Bd2 Bf6 27.Nf3 Kg7 28.Nf1 c4 29.Bxc4 Nc5 30.Qa3 Nxe4
31.Rb6 Qc7 32.Ne3 Nc5 33.Ne1 Bb7 34.Nd3 Nxd3 35.Bxd3 Nxd5 36.Nxd5 Bxd5 37.Qxd6 Qxd6
38.Rxd6 Rd8 39.Rxd8 Bxd8 40.Bxa6 Bxa5 41.f3 Bc6 42.Kf2 f5 43.Ke2 Kf6 44.Kd1 h4
45.Bf1 Bb6 46.Be1 g5 47.c4 Bc5 48.Bc3 Ke6 49.Kd2 e4 50.fxe4 Bxe4 51.Ba5 Kd7
52.Bc3 Ke7 53.Be5 Ke6 54.Bc7 Bb4+ 55.Ke3 Bc5+ 56.Kd2 Kd7 57.Be5 Ke6 58.Bc7 Bb4+
59.Ke3 Kd7 60.Be5 Bc5+ 61.Kd2 Be7 62.Ke3 Kc6 63.g3 Bc5+ 64.Ke2 hxg3 65.Bxg3 f4
66.Bf2 f3+ 67.Ke1 Bb4+ 68.Kd1 Bf5 69.Kc1 Kd6 70.Kd1 Ke5 71.Kc1 Kf4 72.Kd1 Be4
73.Kc1 Bc6 74.c5 Bd7 75.Kc2 Ke4 76.Kb3 Bd2 77.Kc4 Bc6 78.Bd3+ Kf4 79.Bf1 Ba5
80.Kd4 Bd2 81.Kd3 Bc1 82.Kd4 Bb2+ 83.Kc4 Ba3 84.Kd4 Bb2+ 85.Kc4 Bf6 86.Kb3 Be5
87.Kc4 Bc7 88.Kd4 Be5+ 89.Kc4 Bc7 90.Kd4 Bd8 91.Kc4 Bf6 92.Kb4 Ke4 93.Ka5 Kd5
94.Kb4 Be5 95.Be3 Bf6 96.Bf2 Be7 97.Bc4+ Ke5 98.Bf1 Bd7 99.Kc4 Bc6 100.Bd4+ Kf4
101.Bf2 Bf6 102.Kb4 Bd8 103.Bd3 Bd7 104.Bf1 Ke4  1/2-1/2

[Event "ch-ROM"]
[Site "Predeal ROM"]
[Date "2006.12.01"]
[Round "5"]
[White "Toma,Al"]
[Black "Sfarlog,T"]
[Result "0-1"]
[WhiteElo "2256"]
[BlackElo "2161"]

1.e4 g6 2.d4 Bg7 3.Nc3 d6 4.f4 Nf6 5.e5 Nfd7 6.Nf3 c5 7.exd6 O-O 8.Be3 exd6
9.Qd2 Nc6 10.O-O-O Qa5 11.Kb1 Nf6 12.h3 Re8 13.Nb5 Qxd2 14.Bxd2 Rd8 15.Be3 Nd5
16.Bf2 Bf5 17.dxc5 dxc5 18.Bc4 Ncb4 19.Kc1 a6 20.Nd6 Rxd6 21.a3 b5 22.Bxc5 Rdd8
23.Bb3 Bxc2 24.Bxd5 Nxd5 25.Kxc2 Rac8 26.Rxd5 Rxd5 27.b4 Bf8  0-1

[Event "Open A"]
[Site "Benidorm ESP"]
[Date "2006.12.02"]
[Round "2"]
[White "Forsaa,E"]
[Black "Perez,Yo"]
[Result "0-1"]
[WhiteElo "2170"]
[BlackElo "2290"]

1.d4 d6 2.e4 g6 3.Nc3 Bg7 4.Be2 Nf6 5.g4 c5 6.g5 Nfd7 7.d5 Na6 8.h4 h5 9.gxh6 Bxh6
10.Bxh6 Rxh6 11.Qd2 Rh7 12.h5 gxh5 13.Rxh5 Rxh5 14.Bxh5 Nf6 15.Qh6 Nxh5 16.Qxh5 e5
17.Qh8+ Ke7 18.Qh4+ Kd7 19.Qh5 Qf6 20.O-O-O Ke7 21.Rd3 Bd7 22.Rf3 Rh8 23.Rxf6 Rxh5  0-1

[Event "90th ch-Marshall CC"]
[Site "New York USA"]
[Date "2006.12.02"]
[Round "2"]
[White "Kopiecki,E"]
[Black "Treger,E"]
[Result "1/2-1/2"]
[WhiteElo "2189"]
[BlackElo "2232"]

1.e4 g6 2.d4 Bg7 3.Nc3 d6 4.Be3 c6 5.Qd2 Nd7 6.f3 h5 7.h4 b5 8.a4 b4 9.Nd1 a5
10.b3 c5 11.Nb2 d5 12.exd5 Ngf6 13.dxc5 Ne4 14.fxe4 Bc3 15.O-O-O Bxd2+ 16.Rxd2 Ba6
17.Nc4 Nf6 18.Bd4 O-O 19.Bxf6 exf6 20.Nf3 Qe7 21.Nd6 Bxf1 22.Rxf1 Qc7 23.Nd4 Qxc5
24.Rxf6 Qc3 25.Rd3 Qa1+ 26.Kd2 Ra6 27.e5 Qg1 28.g3 Rd8 29.Nc6 Rxc6 30.dxc6 Qg2+
31.Kc1 Qxc6 32.Rxf7 Qc5 33.Rf6 Qxe5 34.Rxg6+ Kh7 35.Rg5 Qa1+ 36.Kd2 Rd7 37.Rxh5+ Kg8
38.Rxa5 Re7 39.Rg5+ Kh7 40.Rh5+ Kg8 41.Rg5+ Kh7 42.Rh5+ Kg8 43.Rg5+ Kh7  1/2-1/2

[Event "ch-ROM"]
[Site "Predeal ROM"]
[Date "2006.12.03"]
[Round "7"]
[White "Valeanu,E"]
[Black "Sfarlog,T"]
[Result "1/2-1/2"]
[WhiteElo "2361"]
[BlackElo "2161"]

1.e4 g6 2.d4 Bg7 3.Nc3 d6 4.Bg5 Nd7 5.Qd2 c5 6.Nf3 Qa5 7.Nb5 Qxd2+ 8.Kxd2 Kf8
9.c3 a6 10.Nc7 Ra7 11.Nd5 Ngf6 12.Nxf6 Nxf6 13.Bd3 h6 14.Bxf6 exf6 15.dxc5 dxc5
16.h3 Be6 17.Ke2 Ke7 18.a4 Rd8 19.Nd2 h5 20.Rhd1 Bh6 21.Nc4 Bf4 22.a5 Bc7
23.Ne3 Bf4 24.Bc2 Raa8 25.Kf3 Rxd1 26.Rxd1 Bc7 27.Ra1 Rd8 28.Ke2 Bf4 29.Bd3 h4
30.Ra4 Bxe3 31.Kxe3 Bb3 32.Ra1 c4 33.Be2 g5 34.Bg4 Bc2 35.Be2 Bb3 36.Rg1 Ke6
37.Rf1 Rd6 38.f4 b6 39.fxg5 fxg5 40.Rf5 f6 41.axb6 Rxb6 42.Ra5 Rd6 43.Rc5 Rb6
44.Kd4 Ba2 45.Ra5 Bb3 46.Kc5 Rd6 47.Bxc4+ Bxc4 48.Kxc4 Rd2 49.Rxa6+ Ke5  1/2-1/2

[Event "ch-ROM"]
[Site "Predeal ROM"]
[Date "2006.12.06"]
[Round "10"]
[White "Daianu,C"]
[Black "Gilea,L"]
[Result "1-0"]
[WhiteElo "2133"]
[BlackElo "2278"]

1.e4 d6 2.d4 g6 3.Nc3 Bg7 4.Be3 c6 5.Qd2 Nf6 6.f3 b5 7.O-O-O Nbd7 8.Bh6 Bxh6
9.Qxh6 b4 10.Nce2 Qa5 11.Kb1 Nb6 12.Nc1 Qh5 13.Qd2 a5 14.h4 Ng8 15.g4 Qh6
16.g5 Qg7 17.Nh3 h6 18.Nb3 Nd7 19.f4 hxg5 20.Nxg5 a4 21.Nc1 Rb8 22.e5 f6
23.Ne6 Qf7 24.Nc7+ Kd8 25.e6 Qg7 26.exd7 Kxd7 27.Na6 Bxa6 28.Bxa6 f5 29.d5 c5
30.Qe2 Nf6 31.Bb5+ Kc7 32.Bxa4 Rb6 33.Qe6 Ne4 34.Rhe1 Kb7 35.Nb3 Rd8 36.Nd2  1-0

[Event "90th ch-Marshall CC"]
[Site "New York USA"]
[Date "2006.12.09"]
[Round "7"]
[White "Vayserberg,T"]
[Black "Treger,E"]
[Result "1/2-1/2"]
[WhiteElo "2023"]
[BlackElo "2232"]

1.e4 g6 2.d4 Bg7 3.Nc3 d6 4.Be3 c6 5.Qd2 Nd7 6.Nf3 Qb6 7.a4 Qa5 8.Bd3 Ngf6
9.O-O Ng4 10.Bg5 f6 11.Bh4 O-O 12.Rfb1 Qh5 13.h3 Nh6 14.b4 g5 15.Bg3 g4 16.hxg4 Nxg4
17.b5 Kh8 18.bxc6 bxc6 19.Nh2 Nxh2 20.Bxh2 f5 21.Be2 Qg6 22.exf5 Qxf5 23.Bf3 d5
24.Ne2 e5 25.Ng3 Qf4 26.Qxf4 Rxf4 27.Ne2 Rf7 28.dxe5 Bxe5 29.Ra3 Bxh2+ 30.Kxh2 Nf6
31.Rc3 Rc7 32.Nd4  1/2-1/2

[Event "13th Open A"]
[Site "Zadar CRO"]
[Date "2006.12.13"]
[Round "4"]
[White "Ljubicic,F"]
[Black "Draganic,S"]
[Result "1-0"]
[WhiteElo "2404"]
[BlackElo "2247"]

1.e4 g6 2.d4 Bg7 3.Nc3 d6 4.Be3 Nd7 5.Nf3 a6 6.Bc4 e6 7.a4 b6 8.h4 h5 9.Ng5 Ndf6
10.f3 Nh6 11.d5 e5 12.Qd2 Bd7 13.b4 Nhg8 14.b5 a5 15.O-O-O Qe7 16.Qf2 Nh6
17.Kb2 Bc8 18.g3 Bd7 19.Bf1 Rb8 20.Nb1 Bc8 21.Nd2 Nd7 22.Nb3 Nc5 23.Nxc5 dxc5
24.Bc4 Qd6 25.Rd3 Bd7 26.Qd2 Rd8 27.Ne6 fxe6 28.dxe6 Qxd3 29.cxd3 Bc8 30.g4 hxg4
31.fxg4 Nxg4 32.Qg2 Nxe3 33.Qxg6+ Ke7 34.Qxg7+ Kd6 35.e7  1-0

[Event "TCh-NED 2006-7"]
[Site "Netherlands NED"]
[Date "2006.12.16"]
[Round "4"]
[White "Solleveld,Maa"]
[Black "Los,S"]
[Result "1-0"]
[WhiteElo "2479"]
[BlackElo "2324"]

1.e4 d6 2.d4 g6 3.Nc3 Bg7 4.f4 a6 5.Nf3 b5 6.Bd3 Nd7 7.e5 c5 8.Be4 Rb8 9.Be3 cxd4
10.Bxd4 dxe5 11.fxe5 e6 12.Ba7 Qc7 13.Bxb8 Qxb8 14.Bc6 Ne7 15.Bxd7+ Bxd7
16.Qe2 O-O 17.O-O-O Bc6 18.Rhe1 b4 19.Ne4 Bxe5 20.Nxe5 Qxe5 21.g3 Qa5 22.Qc4 Rc8
23.Qc5 Qxc5 24.Nxc5 Bb5 25.Ne4 Ba4 26.Re2 Nd5 27.Rd4 Bc6 28.Rc4 Kg7 29.Rc5 Ne7
30.c3 bxc3 31.Nxc3 Rb8 32.Rd2 Bd5 33.Rc7 Kf8 34.Nxd5 Nxd5 35.Ra7 Rb6 36.Rf2 Rc6+
37.Kb1 f5 38.Rxh7  1-0

[Event "6th Amplico AIG Life"]
[Site "Warsaw POL"]
[Date "2006.12.16"]
[Round "4"]
[White "Heberla,B"]
[Black "Kuraszkiewicz,M"]
[Result "1-0"]
[WhiteElo "2569"]
[BlackElo "2317"]

1.e4 g6 2.Nc3 Bg7 3.d4 d6 4.f4 a6 5.Nf3 b5 6.Bd3 Nd7 7.Be3 c5 8.dxc5 Nxc5
9.Bxc5 dxc5 10.e5 Bb7 11.Be4 Qxd1+ 12.Rxd1 Bxe4 13.Nxe4 Rc8 14.Rd5 c4 15.Ke2 Nh6
16.Rhd1 O-O 17.Rd7 Rfe8 18.Ra7 Rc6 19.Rdd7 Bf8 20.Nd4 Rb6 21.Nc3 Nf5 22.Nxf5 gxf5
23.Nd5 Rh6 24.h3 Rg6 25.Kf3 h5 26.h4 Rc6 27.Nxe7+ Bxe7 28.Rxe7 Rxe7 29.Rxe7 Kf8
30.Rd7 Rg6 31.Rd8+ Kg7 32.c3 Rb6 33.a3 Rg6 34.Kf2 Rg4 35.g3 Rg6 36.Kg2 Rb6
37.Kf3 Rg6 38.a4 bxa4 39.Rd6 Rxd6 40.exd6 Kf6 41.Ke3 Ke6 42.Kd4 Kxd6 43.Kxc4 a3
44.bxa3 Kc6 45.Kd4  1-0

[Event "6th Amplico AIG Life"]
[Site "Warsaw POL"]
[Date "2006.12.17"]
[Round "9"]
[White "Lallemand,R"]
[Black "Socko,M"]
[Result "0-1"]
[WhiteElo "2202"]
[BlackElo "2473"]

1.e4 g6 2.d4 d6 3.Nc3 Bg7 4.f4 Nf6 5.Nf3 O-O 6.Be2 Na6 7.O-O c5 8.d5 Nc7
9.a4 Rb8 10.Bc4 a6 11.e5 Nd7 12.Qe2 b5 13.axb5 axb5 14.Nxb5 Nxb5 15.Bxb5 Nb6
16.c4 Qc7 17.Bd2 Bd7 18.Bxd7 Qxd7 19.b3 Qf5 20.Qe3 Nd7 21.Ra7 Ra8 22.Nh4 Qg4
23.h3 Qxh4 24.Rxd7 Ra2 25.Be1 Qh6 26.Rxe7 dxe5 27.Bc3 exf4 28.Bxg7 Qxg7 29.Qxf4 Qb2
30.Qf3 Qd4+ 31.Kh1 f5 32.Qe3 Qb2 33.Qe6+ Kh8 34.Qe5+ Qxe5 35.Rxe5 Rd2 36.Ra1 Rf7
37.Ra5 f4 38.d6 f3 39.gxf3 Rxf3 40.Kg1 Rxb3 41.Ra1 Kg7 42.Rd5 Rxd5 43.cxd5 Rd3
44.Ra7+ Kh6 45.d7 Rxd5 46.Kf2 c4 47.Rc7 c3 48.Rxc3 Rxd7 49.Kg3 Rd4 50.Rc5 Rd3+
51.Kg2 g5 52.Ra5 Kg6 53.Rb5 Re3 54.Ra5 Kh5 55.Rb5 Kg6 56.Ra5 Kf6 57.Rb5 Re5
58.Rb7 h5 59.Rb6+ Kf5 60.Rb4 Rd5 61.Ra4 Rd2+ 62.Kg1 Re2 63.Rb4 Re4 64.Rb2 Re3
65.Kg2 h4 66.Ra2 Kf4 67.Rb2 Rg3+ 68.Kh2 Rd3 69.Kg2 Ke3 70.Rb5 Rd2+ 71.Kg1 Rd1+
72.Kg2 Rd2+ 73.Kg1 Kf4 74.Rb4+ Kf5 75.Rb5+ Kf4 76.Rb4+ Ke5 77.Rb3 Re2 78.Ra3 Kf4
79.Ra4+ Re4 80.Ra5 Rb4 81.Kg2 Rb2+ 82.Kg1 Re2 83.Rb5 Re3 84.Ra5 Rxh3 85.Ra4+ Kf5
86.Ra5+ Kg4 87.Ra4+ Kh5 88.Ra5 Rd3 89.Kg2 Rd2+ 90.Kh3 Rd3+ 91.Kh2 Rf3 92.Kg2 Re3
93.Kh2 Kg4 94.Ra4+ Kf5 95.Ra8 Kf4 96.Ra4+ Re4 97.Ra8 Re2+ 98.Kg1 g4 99.Ra4+ Kf3
100.Ra3+ Re3 101.Ra1 g3 102.Rf1+ Kg4 103.Ra1 h3 104.Ra4+ Kf3 105.Ra1 Rd3
106.Rb1 Ke2  0-1

[Event "6th Amplico AIG Life"]
[Site "Warsaw POL"]
[Date "2006.12.17"]
[Round "9"]
[White "Moiseenko,A1"]
[Black "Zozulia,A"]
[Result "1-0"]
[WhiteElo "2632"]
[BlackElo "2363"]

1.d4 g6 2.e4 Bg7 3.Nc3 d6 4.Be3 a6 5.Qd2 b5 6.Bd3 Bb7 7.Nf3 Nd7 8.a4 b4 9.Ne2 Ngf6
10.Ng3 c5 11.c3 bxc3 12.bxc3 cxd4 13.cxd4 d5 14.e5 Ne4 15.Bxe4 dxe4 16.Ng5 O-O
17.e6 Nc5 18.exf7+ Kh8 19.O-O h6 20.Qc2 hxg5 21.Qxc5 Qd5 22.Rab1 Rxf7 23.Rxb7 Qxb7
24.Qxg5 Qc6 25.Qh4+ Kg8 26.Nxe4 Bf6 27.Qg4 Kg7 28.Nc5 Rc8 29.Rc1 Kh8 30.Nd3 Ra8
31.Qd1  1-0

[Event "GM Multicoms"]
[Site "Paris FRA"]
[Date "2006.12.18"]
[Round "6"]
[White "Cornette,M"]
[Black "Le Roux,JP"]
[Result "1/2-1/2"]
[WhiteElo "2480"]
[BlackElo "2494"]

1.e4 d6 2.d4 g6 3.Nc3 Bg7 4.Be3 a6 5.f4 b5 6.Bd3 b4 7.Nce2 Nf6 8.Nf3 Bb7
9.Ng3 O-O 10.O-O c5 11.dxc5 Ng4 12.Bc1 dxc5 13.e5 Nc6 14.Qe2 Rc8 15.Kh1 e6
16.b3 h5 17.Ne4 Nd4 18.Nxd4 Qxd4 19.Rb1 Bxe4 20.Bxe4 Rfd8 21.Bb7 Rb8 22.Bxa6 Ra8
23.h3 Nh6 24.Bd3 Rxa2 25.Be3 Qc3 26.Bd2 Nf5 27.Kh2 Qd4 28.Rbd1 Qb2 29.Bxf5 gxf5
30.Bc1 Rxd1 31.Bxb2 Rxf1 32.Qxf1 Rxb2 33.Qc1 Ra2 34.Qb1 Ra8 35.Qd1 Bh6 36.Kg3 Kg7
37.Qd6 Rc8 38.Qd7 Ra8 39.Qe7 Kg8 40.Qxc5 Bf8 41.Qc6 Rd8 42.Qf3 Rd2 43.c3 Be7
44.h4 bxc3 45.Qxc3 Rd5 46.Qc4 Kg7 47.b4 Rd2 48.b5 Rb2 49.Kh3 Bd8 50.Kg3 Be7
51.Qc6 Rb3+ 52.Kf2 Bxh4+ 53.Ke2 Bd8 54.Kd2 h4 55.Kc2 Rg3 56.Kd1 Rb3 57.Ke2 Rb2+
58.Kd3 Rb3+ 59.Kc4 Rg3 60.Kb4 Rg4 61.Kc5 Rxf4 62.Qa8 Bc7 63.Qa1 Re4 64.Qc1 Rg4
65.b6 Bxe5 66.Qd2 Rg3 67.b7 Kg6 68.Kc6  1/2-1/2

[Event "44th National A ch-IND"]
[Site "Atul IND"]
[Date "2006.12.20"]
[Round "3"]
[White "Singh,DP"]
[Black "Koshy,V"]
[Result "1-0"]
[WhiteElo "2507"]
[BlackElo "2325"]

1.d4 d6 2.e4 g6 3.Nc3 Bg7 4.Bg5 c6 5.Nge2 Nd7 6.a4 Qc7 7.g3 Ngf6 8.Bg2 O-O
9.O-O e5 10.Qd2 Re8 11.h3 exd4 12.Nxd4 Nc5 13.Rfe1 a5 14.Rad1 Qb6 15.b3 Be6
16.Be3 Qb4 17.f3 Rad8 18.Nce2 Qxd2 19.Bxd2 Ra8 20.Bc3 d5 21.Nxe6 fxe6 22.e5 Nfd7
23.f4 b6 24.h4 h5 25.Nd4 Rac8 26.Bh3 Kf7 27.Bb2 Rc7 28.Bc1 Rh8 29.c3 Re8
30.Kg2 Nf8 31.Ba3 Bh6 32.Kf3 Kg8 33.c4 Rcc8 34.Re3 Bg7 35.cxd5 cxd5 36.Rc1 Kf7
37.Rec3 Nfd7 38.Bf1 Bf8 39.Bh3 Ra8 40.Bb2 Ra7 41.g4 Be7 42.gxh5 gxh5 43.Ke2 Rg8
44.Ba3 Bxh4 45.Bxc5 Nxc5 46.Rxc5 bxc5 47.Bxe6+ Kf8 48.Bxg8 cxd4 49.Rc8+ Ke7
50.Bxd5 Rd7 51.Be4 Bg3 52.Kf3 h4 53.Bd3 Rb7 54.Bb5 d3 55.Re8+ Kf7 56.Rd8 Ke7
57.Rxd3 Rc7 58.Ke4 Rc1 59.Rd7+ Kf8 60.e6 Re1+ 61.Kf5 h3 62.Bc6 Rc1 63.e7+ Kf7
64.Rc7 Rc5+ 65.Kg4 Rxc6 66.Rxc6  1-0

[Event "Sub-Zt 2.3.4"]
[Site "Bogota COL"]
[Date "2006.12.20"]
[Round "5"]
[White "Castro,O"]
[Black "Bermudez,E"]
[Result "1/2-1/2"]
[WhiteElo "2383"]
[BlackElo "2162"]

1.d4 d6 2.e4 g6 3.Nc3 Bg7 4.Be3 c6 5.f4 Qa5 6.Nf3 Nf6 7.Bd3 O-O 8.h3 Na6
9.O-O Bd7 10.e5 Nd5 11.Nxd5 cxd5 12.Bd2 Qb6 13.a4 Rac8 14.Qe1 Qd8 15.g4 dxe5
16.fxe5 Nc7 17.Qh4 Ne6 18.a5 a6 19.Bb4 f6 20.Rf2 Nf4 21.Bf1 g5 22.Qg3 Be8
23.Rc1 Bg6 24.Bd2 Rxc2 25.Rxc2 Bxc2 26.exf6 Bxf6 27.Nxg5 Bxg5 28.Bxf4 Bxf4
29.Rxf4 Rxf4 30.Qxf4 Qxa5 31.Qg5+ Kf7 32.Qf4+ Kg6 33.Qe5 Be4 34.Qe6+ Kg7
35.Qxe7+ Kg6 36.Qxb7 Qd2 37.Qxa6+ Kg5 38.Qe2 Qxd4+ 39.Qf2 Qe5 40.b4 h5 41.Qe3+ Kh4
42.Qf2+ Kg5 43.h4+ Kxg4 44.Be2+ Kh3 45.Bf1+ Kg4  1/2-1/2

[Event "44th National A ch-IND"]
[Site "Atul IND"]
[Date "2006.12.22"]
[Round "6"]
[White "Bakre,T"]
[Black "Koshy,V"]
[Result "1-0"]
[WhiteElo "2447"]
[BlackElo "2325"]

1.e4 d6 2.d4 g6 3.Nc3 Bg7 4.Nge2 Nf6 5.g3 O-O 6.Bg2 e5 7.h3 Nc6 8.Be3 Bd7
9.d5 Ne7 10.Qd2 Ne8 11.Nd1 c6 12.c4 cxd5 13.cxd5 f5 14.f3 fxe4 15.fxe4 b5
16.Nf2 a5 17.O-O Nf6 18.Rfc1 Qb8 19.Rc2 Rc8 20.Rac1 Qb7 21.Rxc8+ Nxc8 22.Qc2 Ne8
23.Ng4 h5 24.Nh6+ Kh7 25.Nf7 Nb6 26.b3 Rc8 27.Qd2 Rxc1+ 28.Nxc1 a4 29.Qf2 axb3
30.axb3 Qc8 31.Ne2 Na8 32.Ng5+ Kh8 33.Qf7 Nf6 34.Qxg6 Be8 35.Nf7+ Bxf7 36.Qxf7 Qc2
37.Kf2 Nxe4+ 38.Bxe4 Qxe4 39.Qe8+ Kh7 40.Qxh5+ Kg8 41.Qe8+ Kh7 42.Qxa8 Qf5+
43.Ke1 Qb1+ 44.Nc1 e4 45.Qa2  1-0

[Event "27th Open A"]
[Site "Bethune FRA"]
[Date "2006.12.28"]
[Round "5"]
[White "Smits,S"]
[Black "Foisor,C"]
[Result "0-1"]
[WhiteElo "2119"]
[BlackElo "2401"]

1.e4 g6 2.d4 Bg7 3.Nc3 d6 4.Nf3 a6 5.a4 b6 6.Be2 e6 7.Bg5 Ne7 8.e5 d5 9.Qd2 h6
10.Bh4 g5 11.Bg3 c5 12.Rd1 Nbc6 13.dxc5 bxc5 14.h3 Qc7 15.O-O Bb7 16.Rfe1 Nb4
17.Bf1 Bc6 18.b3 Qb7 19.Ne2 d4 20.c3 dxc3 21.Nxc3 Nf5 22.Be2 O-O 23.Bh2 Rab8
24.a5 Qc7 25.g4 Nd4 26.Nxd4 cxd4 27.Na2 Nxa2 28.Qxa2 Ba8 29.Bd3 Rfd8 30.Bg3 Qc3
31.Qc2 Qxa5 32.Be4 Rbc8 33.Qb1 Bxe4 34.Rxe4 Qb6 35.h4 Rc3 36.hxg5 hxg5 37.Qa1 Rxb3
38.Rexd4 Rxg3+  0-1

[Event "Czech Christmas"]
[Site "Litomysl CZE"]
[Date "2006.12.28"]
[Round "3"]
[White "Gruber,Mic"]
[Black "Benda,R"]
[Result "1-0"]
[WhiteElo "2150"]
[BlackElo "2007"]

1.e4 g6 2.d4 Bg7 3.Nc3 d6 4.Be3 Nd7 5.Qd2 a6 6.Nf3 b6 7.Bc4 e6 8.Bg5 Ndf6
9.e5 dxe5 10.Nxe5 h6 11.Bh4 Ne7 12.O-O-O Bb7 13.Rhe1 O-O 14.Bxf6 Bxf6 15.Qxh6 Nd5
16.Qd2 Bg5 17.Re3 Nxe3 18.fxe3 c5 19.h4 Bxh4 20.Qe2 Qc7 21.Qg4 Bf6 22.Nxg6 fxg6
23.Qxg6+ Bg7 24.Bxe6+ Rf7 25.Rf1 Rf8 26.Rh1 Re8 27.Bxf7+ Qxf7 28.Rh8+ Kxh8
29.Qxf7 Bc6 30.d5  1-0

[Event "Steinhart Mem"]
[Site "Herzeliya ISR"]
[Date "2006.12.29"]
[Round "6"]
[White "Kaplan,S"]
[Black "Shutzman,J"]
[Result "1-0"]
[WhiteElo "2402"]
[BlackElo "2255"]

1.e4 d6 2.d4 g6 3.Nc3 Bg7 4.f4 Nf6 5.Nf3 O-O 6.Be3 c5 7.dxc5 Qa5 8.Bd3 dxc5
9.e5 Ng4 10.Bd2 Nc6 11.Qe2 Nb4 12.O-O Nxd3 13.cxd3 Qd8 14.Kh1 Nh6 15.Be3 b6
16.d4 cxd4 17.Bxd4 Bb7 18.Rfd1 Qc8 19.Be3 Qg4 20.Nd5 Nf5 21.h3 Qh5 22.Kh2 Rad8
23.g4 Qh6 24.gxf5 Bxd5 25.Nd4 Kh8 26.Rac1 Rc8 27.b3 Qh4 28.Qg4 Qxg4 29.hxg4 a6
30.g5 Rfd8 31.Kg3 Be4 32.f6 exf6 33.gxf6 Bf8 34.Ne2 b5 35.Bb6 Re8 36.Rd7 Rxc1
37.Nxc1 Kg8 38.Ne2 h6 39.Nc3 Bf5 40.Ra7 Rc8 41.Nd5 Re8 42.Rxa6 Be4 43.Nc3 Bd3
44.Ra7 g5 45.Nd5 gxf4+ 46.Kxf4 h5 47.Ne7+ Kh7 48.Kg5 Bh6+ 49.Kxh5 Bf4 50.e6 Be2+
51.Kh4 Kh6 52.exf7 Rh8 53.Bc5 Bh5 54.f8=Q+  1-0

[Event "Masters"]
[Site "Singapore SIN"]
[Date "2006.12.29"]
[Round "8"]
[White "Zhang Jilin"]
[Black "Sitanggang,S"]
[Result "0-1"]
[WhiteElo "2292"]
[BlackElo "2423"]

1.e4 g6 2.d4 Bg7 3.Nc3 d6 4.f4 Nf6 5.Nf3 O-O 6.Bd3 c5 7.d5 a6 8.a4 Qc7 9.Qe2 Bg4
10.O-O e6 11.dxe6 fxe6 12.Bc4 Nc6 13.Qf2 Kh8 14.Ng5 d5 15.exd5 exd5 16.Nxd5 Nxd5
17.Bxd5 Rae8 18.c3 h6 19.Nf3 Ne7 20.Bb3 Bf5 21.Bc4 Nc8 22.Nh4 Nd6 23.Nxf5 Nxc4
24.Nxg7 Kxg7 25.b3 Nd6 26.c4 Ne4 27.Qh4 Kh7 28.Be3 Qb6 29.f5 gxf5 30.Rad1 Rf7
31.Rd5 Qg6 32.Bxc5 f4 33.Bf2 f3 34.Bg3 Nxg3 35.hxg3 f2+ 36.Kh2 Re1  0-1